000 00994nam a2200229Ia 4500
003 OSt
005 20241112150215.0
007 ca aa aaaaa
008 201103s9999 xx 000 0 und d
040 _cSSBUL
041 _abur
082 _223
_a၂၉၄.၃၄၄၃၅ သဲ
_b၉၁၀၂ S-SAT
100 0 _aသဲအင်းဂူဆရာတော်ဘုရားကြီး။
_917284
100 _917463
245 1 0 _aဝိပဿနာဉာဏ်နှင့်ပညာ /
_cသဲအင်းဂူဆရာတော်ဘုရားကြီး။
250 _aဒုတိယအကြိမ်။
260 _aရန်ကုန် ၊
_bအောင်မိတ်ဆက်စာပုံနှိပ်တိုက်၊
_c၁၉၇၀။
300 _aဂ၊ ၈၈ စာမျက်နှာ ၊
_bဓါတ်ပုံ ၊
_c၁၉ စင်တီ။
500 _aS-SAT: Dr. Sai Aung Tun
650 _aကမ္မဋ္ဌာန်း
942 _cBK1
_2ddc
999 _c41035
_d41035